00975nam a2200241 a 4500001001000000003000500010005001700015008004100032010001100073011001100084040000900095100003300104245021700137260004100354500006000395502007700455650003100532650002800563650002900591700002700620856001600647856007000663000110551CHAP20220329144138.0140910s2014 mx sm |||||||spa d a107013 a107985 cCHAP1 aBautista Cruz, Marco Antonio10aSustratos en la producción de microgreen de rábano (raphanus sativus l.), cilantro (coriandrum sativum l.) y chícharo (pisum sativum l.)h[En línea]cpor Marco Antonio Bautista Cruz y Joel Juarez Mendoza. aChapingo, Méx. :bEl autor,c2014. aPara ver el contenido del material haga clic en la liga aTesis (Ing. Agr. Esp. en Fitotecnia) -- UACH. Departamento de Fitotecnia14aMicrogreensxProducción.14aMicrogreensxSustratos.14aSemillasxGerminación.1 aJuárez Mendoza, Joel a1 n0000833 aFinding aiduhttp://10.13.5.2/tesis/sist110551.pdfzTeclea aquí